[Event "30 min / Partie"]
[Site "?"]
[Date "2026.01.04"]
[Round "23"]
[White "King Element 300 mhz, Millenium"]
[Black "Phoenix London 1400 Mhz, Mephisto"]
[Result "1-0"]
[Annotator "mpill"]
[WhiteElo "2599"]
[BlackElo "2500"]
[WhiteFideId "-1"]
[BlackFideId "-1"]
[PlyCount "183"]
[GameId "2262544641598098"]

{[%evp 9,182,7,70,64,62,57,71,79,94,98,98,100,116,100,104,102,113,121,130,132,130,95,142,170,155,46,95,0,78,-19,-17,-25,-30,-162,-51,-99,-69,-100,-64,-122,-18,-25,-25,-22,39,-307,0,-9,-5,-64,-27,-74,-51,-48,30,0,64,-19,81,95,86,108,116,63,141,46,98,80,87,60,102,89,156,153,148,157,418,408,372,242,227,147,144,132,251,9,244,217,195,188,214,28,32,28,28,28,31,38,51,48,112,102,197,205,286,291,262,247,322,315,411,400,487,486,478,462,478,424,535,517,624,619,715,710,691,678,704,687,1244,5400,29978,29979,29979,29980,29980,19977,29983,29984,29984,29985,29985,29986,29985,29986,29987,29988,29988,29989,29989,29990,29990,29991,29991,29992,29992,29993,29993,29992,29992,29993,29993,29994,29994,29995,29995,29996,29996,29996,29996,29997,29997,29998,29998,29999,29999]} 1. f4 d5 2. Nf3 g6 3. g3 c6 4. Bg2 {Buchende} Qb6 {Buchende} 5. a4 {[%cal Ba2a4,Ba4a5][%mdl 32]} Bg7 (5... a5 $11) 6. a5 $14 Qc7 7. d3 {[%cal Bd2d3,Bd3e4,Be4e5][%mdl 32]} Nf6 8. Nc3 {Weiß steht besser.} O-O 9. e4 dxe4 10. dxe4 Rd8 11. Qe2 b6 12. e5 Nd5 13. axb6 Qxb6 14. Na4 Qa6 15. c4 Nb4 (15... Nb6) 16. O-O $16 Bf5 17. b3 (17. Be3 $16) 17... Nd7 (17... Bd3 $14 18. Qd2 Qb7) 18. Qf2 (18. Bd2 $1 $16 {[%cal Rd2b4]} Nc2 19. Rac1) 18... Bd3 {[#]} (18... Nd3 $11 19. Qe3 N7c5 {[%mdl 64] Fesselung}) 19. Be3 Bxf1 $11 20. Rxf1 e6 21. Ra1 (21. h4 $11) 21... h6 (21... Nb6 $1 $19 22. Bf1 Nxa4) 22. Ne1 (22. h4 $15) 22... Qb7 23. Rd1 a6 (23... Bf8 $17 {[%cal Od7b6] Weiss muss nun ...Sb6! beachten.} 24. Rc1 a5) 24. Nc3 (24. h4 $15) 24... Nf8 (24... f6 $1 $17 25. Bh3 Nf8 (25... fxe5 26. Bxe6+ Kh8 27. f5 $17) 26. Rxd8 Rxd8 27. exf6 Bxf6) 25. Bd4 Rab8 26. Ne4 Nd7 (26... Qc7 $11) 27. Ba7 $2 {[%mdl 8192] [#]} (27. Nd6 $14 {behält die Oberhand.} Qc7 28. c5) 27... Ra8 $2 (27... Nxe5 $1 $19 28. Rxd8+ Rxd8 29. fxe5 Rd1) 28. Be3 Qc7 29. Bd4 (29. h4 $11) 29... Rab8 (29... a5 $15) 30. Ba7 (30. c5 $11) 30... Rb7 31. Be3 Qa5 (31... f6 $15) 32. Bd4 Bf8 (32... c5 $11 33. Ra1 Qc7) 33. h4 (33. Nd6 $1 $14 Rbb8 34. Ba7) 33... Be7 (33... Nc5 $1 $11 {hält das Gleichgewicht.} 34. Nf6+ Kg7) 34. Nd6 $16 Bxd6 35. exd6 {[%csl Od6] Weiß hat einen starken Freibauern} Qf5 {[%cal Oc6c5]} 36. Qe2 (36. Kh2 $16) 36... Rbb8 (36... h5 $14) 37. Bf3 (37. Kh2 $16 {Lh3 wäre nun fies.} Nf6 38. Bxf6 Qxf6 39. Nf3) 37... Qh3 (37... h5 $1 $14) 38. Bf2 {[%mdl 1024] Weiss hat starke Kompensation.} (38. Kf2 {ist vielschichtiger.} h5 39. Be4 c5 40. Ba1) 38... h5 {Pariert Lg4.} 39. Bg2 Qg4 (39... Qf5 $14 {ist eher angebracht.}) 40. Nf3 Qf5 (40... c5 $142) 41. Ne5 Nxe5 42. fxe5 Qc2 $2 (42... a5 $16) 43. Qxc2 $18 Nxc2 44. Be4 Nb4 45. Ra1 f5 46. exf6 Kf7 (46... Rxd6 $16 47. Bxg6 e5) 47. Bd4 $2 (47. Bc5 $18) 47... Rd7 $2 (47... Rxd6 $11 {und Schwarz ist OK.} 48. Be5 Rdd8) 48. Be5 c5 49. Ra5 Rc8 50. Kf1 $2 ({Der einzige Zug:} 50. Kf2 $18) 50... Rdd8 $1 $11 51. Bf4 $36 {[%mdl 2048] Schwarz steht unter Druck.} Rd7 $1 52. Be3 Rxd6 53. Rxc5 Rdd8 54. Rg5 Rg8 {[#] Weiß verwandelt nun seinen Vorteil.} ({Vorzuziehen ist} 54... Kxf6 $14 55. Bxg6 (55. Rxg6+ Ke5 $18) 55... Rd1+ 56. Ke2 Rcd8 57. Bxh5 Rb1) 55. Ra5 $1 $16 {Weiß hat aktiveres Spiel.} Kxf6 (55... Rgd8 $16) 56. Ke2 $18 Rge8 57. Ra4 a5 58. Rxa5 Rc7 59. Rg5 (59. Rb5 Nc6 60. Kd2 (60. Rc5 Rec8 $14) 60... Rec8 $18) 59... Rg8 60. Bf4 {Ein starkes Läuferpaar.} ({Weniger gut wäre} 60. Rb5 Nc6 61. Bg5+ Kf7 $18) 60... Ra7 61. Rb5 Na2 62. Kd2 {Lässt Sc3 nicht zu} Kf7 63. Be3 Ra6 64. Kc2 Rc8 65. Bb7 {[%csl LRa6,LRc8]} Rca8 66. Bxa6 Rxa6 {[%mdl 4096] Endspiel KTL-KTS. Weiß hat einen Mehrbauern.} 67. Bd2 Ra7 68. Ra5 Rxa5 69. Bxa5 {KL-KS. Weiß hat einen Mehrbauern.} e5 70. Kb1 Ke6 71. Kxa2 {KL-K3B} Kf5 72. Kb2 {Weiss will mit c5 Matt setzen.} Ke6 73. Kc3 {Weiß setzt Matt.} Kf5 74. Bc7 e4 75. Kd4 e3 76. Kxe3 {KL-KBB} g5 77. b4 gxh4 78. gxh4 {KL-KB} Ke6 79. b5 Kd7 80. b6 Kc6 81. Kd4 Kb7 82. Kd5 Ka6 83. Kc6 Ka5 84. b7+ Kb4 85. b8=Q+ Kc3 86. Ba5+ Kd4 87. Qf4+ Kd3 88. Qf3+ Kc2 89. Qc3+ Kb1 90. Qb3+ Kc1 91. Qa2 Kd1 92. Qd2# {Gewichteter Fehlerwert: Weiß=0.45/Schwarz=0.47  Verlustzug:     	Weiß=1     	Schwarz=2     Gewinn verpasst:   	Weiß=2     	Schwarz=1     Fehler:       	Weiß=11    	Schwarz=18    Ungenau:       	Weiß=5     	Schwarz=4     OK:         	Weiß=18    	Schwarz=15    Bester:       	Weiß=8     	Schwarz=3     Stark:        	Weiß=1     	Schwarz=2} 1-0

[Event "30 min / Partie"]
[Site "?"]
[Date "2026.01.05"]
[Round "24"]
[White "Phoenix London 1400 Mhz, Mephisto"]
[Black "King Element 300 mhz, Millenium"]
[Result "0-1"]
[Annotator "mpill"]
[WhiteElo "2500"]
[BlackElo "2599"]
[WhiteFideId "-1"]
[BlackFideId "-1"]
[PlyCount "160"]
[GameId "2262926942912637"]

{[%evp 11,159,20,36,19,45,44,45,52,42,46,40,51,52,30,49,0,71,9,15,-55,-46,-50,-40,-42,-42,-42,-21,-20,65,42,70,70,139,81,79,84,81,77,97,84,108,119,131,105,113,69,75,69,71,0,0,0,4,0,-5,-17,-16,-22,-25,-29,-37,-42,-37,-413,-423,-434,-424,-411,-422,-530,-521,-480,-474,-563,-551,-547,-546,-550,-550,-543,-528,-528,-495,-507,-497,-579,-582,-608,-601,-575,-560,-669,-615,-732,-727,-689,-665,-19969,-19973,-19987,-19982,-29977,-19993,-19992,-29980,-29984,-19992,-29983,-19993,-19994,-19994,-29977,-29978,-20000,-29985,-29985,-29986,-29986,-29984,-29985,-29986,-29986,-29987,-29987,-29988,-29988,-29989,-29989,-29989,-29989,-29989,-29989,-29990,-29991,-29992,-29992,-29993,-29993,-29994,-29994,-29995,-29995,-29996,-29996,-29997,-29997,-29998,-29998,-29999,-29999]} 1. e4 c5 2. Nf3 d6 3. d4 Nf6 4. Nc3 cxd4 5. Nxd4 e6 6. Be2 Nc6 7. O-O {Buchende} Bd7 {Buchende} 8. Ndb5 Qb8 9. Bf4 {[%cal Rb5d6] Weiß steht etwas besser.} Ne5 10. Bg5 a6 11. Bxf6 gxf6 12. Nd4 b5 13. Qd2 (13. a3 $14 {sieht stärker aus.}) 13... Qb6 (13... h5 $11 {bleibt in der Remisbreite.}) 14. Rfd1 (14. a4 $16) 14... h5 $11 15. Nb3 ({Vorzuziehen ist} 15. a4 $11 b4 16. Na2) 15... b4 (15... Ke7 {sieht schärfer aus.} 16. a4 Bh6 17. Qd4 Qxd4 18. Nxd4 b4) 16. Nb1 Bc6 17. Qd4 Qxd4 {Starkes Feld Schwarz (e5)} 18. Rxd4 a5 19. a3 f5 (19... a4 $11 20. N3d2 bxa3 21. Nxa3 Rb8) 20. exf5 Rg8 21. g3 Bf3 (21... a4 $14 22. N3d2 bxa3) 22. Bb5+ (22. Kf1 $142) 22... Bc6 $16 23. Bxc6+ Nxc6 24. Rh4 {[#]} bxa3 25. Rxa3 d5 26. Ra1 Rh8 27. fxe6 fxe6 28. N1d2 (28. Rha4 $16) 28... Bg7 $14 29. c3 Ke7 30. Re1 (30. Ra2 $16) 30... a4 $11 31. Nc5 {[%csl LRa4,LRe6]} Kd6 32. Nxe6 {Hervorragende Reitkunst.} Bf6 33. Rc4 Rhb8 34. Nf4 {Droht Te6+ und aus.} dxc4 35. Re6+ Kd7 36. Rxf6 Ne5 37. Ne4 $2 {[%mdl 8192] Davon erholt Weiß sich nicht mehr.} (37. Nd5 $1 $15) 37... Ra5 $19 38. Re6 Rxb2 39. Nf6+ Kc8 40. Re8+ Kb7 41. Re7+ Ka6 42. N4d5 Nd3 43. Nc7+ Kb6 {[%cal Oa4a3]} 44. Ncd5+ Kb5 {...a3 wäre nun fies.} 45. Rb7+ Ka6 {[%csl Ob7,Od5][%mdl 64] [#] Abzugsangriff} 46. Rxb2 Nxb2 {[%mdl 4096] Endspiel KTS-KSS} 47. Nb4+ Kb7 48. f4 a3 49. Ne4 a2 50. Nxa2 Rxa2 51. h3 Nd1 52. f5 Kc6 53. f6 Kd7 54. g4 hxg4 55. hxg4 Re2 56. Ng3 Re5 57. Kg2 Ke6 58. Nf5 Nxc3 {( -> ...Txf5)} 59. f7 Kxf7 {[%cal Oe5f5] ( -> ...Txf5!)} 60. Nd6+ Ke6 61. Nxc4 Re4 {[%csl LRc4,LRg4]} 62. Na5 Rxg4+ 63. Kf3 {Schwarz setzt Matt.} Rb4 64. Nc6 Ra4 65. Ke3 Nd5+ 66. Kd3 Nb4+ 67. Nxb4 Rxb4 {KT-K} 68. Kc3 Rf4 69. Kd3 Kd5 70. Ke3 Rf6 71. Kd3 Rf3+ 72. Kd2 Kd4 73. Ke2 Rf4 74. Kd2 Rf2+ 75. Ke1 Ke3 76. Kd1 Re2 77. Kc1 Kd3 78. Kd1 Re4 79. Kc1 Rb4 80. Kd1 Rb1# {Gewichteter Fehlerwert: Weiß=0.57/Schwarz=0.11 (sehr präzise)   Verlustzug:     	Weiß=1     	---        Fehler:       	Weiß=6     	Schwarz=3     Ungenau:       	---       	Schwarz=2     OK:         	Weiß=24    	Schwarz=21    Bester:       	---       	Schwarz=5} 0-1

[Event "30 min / Partie"]
[Site "?"]
[Date "2026.01.07"]
[Round "25"]
[White "King Element 300 mhz, Millenium"]
[Black "Phoenix London 1400 Mhz, Mephisto"]
[Result "1-0"]
[Annotator "mpill"]
[WhiteElo "2599"]
[BlackElo "2500"]
[WhiteFideId "-1"]
[BlackFideId "-1"]
[PlyCount "157"]
[GameId "2263623952912592"]

{[%evp 14,156,27,0,10,-3,0,-6,-8,-3,-5,0,0,-5,0,-7,0,-6,13,7,13,11,5,9,12,0,11,12,9,-4,15,12,16,9,12,13,14,14,175,161,197,188,189,167,168,144,184,193,193,67,64,6,19,13,10,16,16,7,9,3,9,3,6,6,19,4,312,294,211,32,371,353,547,541,536,529,513,486,485,468,455,425,445,341,487,477,607,573,1324,19958,1091,19972,19969,19973,19973,19979,19979,19980,19977,19978,19976,19977,29982,29984,29983,19988,29986,29987,29987,29988,29988,29988,29988,29989,29989,29989,29990,29990,29990,29991,29991,29992,29992,29993,29993,29993,29993,29994,29994,29995,29995,29996,29996,29997,29997,29995,29995,29996,29996,29997,29997,29998,29998,29999,29999]} 1. e4 e5 2. Bc4 Nf6 3. Nc3 Nc6 4. d3 Na5 5. Nge2 Nxc4 {Buchende} 6. dxc4 Bc5 7. Qd3 {Buchende} d6 8. O-O O-O 9. Bg5 {[#]} h6 10. Bxf6 Qxf6 {Die Stellung ist ausgeglichen.} 11. Nd5 Qd8 12. b4 Bb6 13. a4 c6 14. Nxb6 axb6 15. Rfd1 Bg4 16. h3 Bxe2 17. Qxe2 {[%cal Oc4c5]} Qc7 18. Qd3 Rfd8 19. c3 f6 20. Ra2 Qf7 {[%cal Ob6b5]} 21. Rda1 Ra7 22. Rd2 Ra6 23. Rdd1 Raa8 24. Qe2 Qe6 25. Qa2 f5 $2 (25... Ra7 $11) 26. exf5 $18 Qxf5 (26... Qf7 $142 27. b5 cxb5) 27. c5+ {[%csl Og8][%mdl 64] [#] Abzugsangriff (Schach)} d5 28. cxb6 {Weiß spielt am Damenflügel und steht besser} e4 29. a5 {[%cal Of2f3]} Kh8 (29... Rd6 $16 30. c4 Rg6) 30. Qe2 Rf8 31. a6 (31. Rd2 $18) 31... bxa6 $14 32. Rd2 ({Besser ist} 32. Ra5 $14) 32... Qg5 $11 33. Rda2 (33. Rxa6 $2 Rxa6 34. Kh1 Rxb6 $19) (33. c4 {mit weiteren Verwicklungen.} dxc4 34. Ra5 Qf6 35. Qxe4 c3 36. Re2) 33... Rfb8 $1 34. Rxa6 Rxa6 35. Qxa6 {[%mdl 4096] Endspiel KDT-KDT. Weiß hat einen Mehrbauern.} Qd8 $1 36. Qa7 Rxb6 37. Qf7 $36 {[%mdl 2048] Weiss hat gut koordiniertes Spiel.} Rb8 38. Ra6 Qd6 39. h4 Rc8 $2 {[%mdl 8192]} (39... Qe5 $11 {und Schwarz ist OK.}) 40. b5 $18 e3 41. fxe3 Qc5 {[%mdl 8192]} (41... Qg3 $14) 42. Rxc6 Rxc6 (42... Qxe3+ $142 43. Kh2 Qe5+ 44. g3 Qe2+ 45. Kh3 Rg8) 43. Qe8+ Kh7 44. bxc6 Qxc3 {KD-KD. Weiß hat einen Mehrbauern.} 45. Kh2 Qf6 46. Kh3 Qc3 47. Kg4 Qd2 48. Kf3 {c7 soll folgen} Qd1+ (48... Qc3 {war einen Versuch wert.} 49. Qe6 d4) 49. Kf4 Qe2 50. Qe6 Qxg2 51. Qf5+ Kg8 52. Ke5 Qh2+ 53. Qf4 Qb2+ 54. Kxd5 Qb5+ 55. Kd6 Qb6 56. Kd7 Qb5 57. e4 Qa4 58. h5 Kh7 59. Qd6 {Droht Matt per Dd5.} Kg8 60. e5 {Weiß setzt Matt.} Qa7+ 61. c7 Qa4+ 62. Qc6 Qd4+ 63. Ke7 Qb4+ 64. Ke6 Qb3+ 65. Qd5 Qh3+ 66. Kd6+ Kh7 67. Qe4+ g6 68. Qxg6+ Kh8 69. Qe8+ Kg7 70. Qd7+ Qxd7+ 71. Kxd7 {KB-KB. Weiß hat zwei Bauern mehr.} Kf8 72. c8=Q+ Kg7 73. Ke6 Kh7 74. Qh8+ Kxh8 75. Kf7 Kh7 76. e6 Kh8 77. Kg6 Kg8 78. e7 Kh8 79. e8=Q# {Gewichteter Fehlerwert: Weiß=0.19 (sehr präzise) /Schwarz=0.67  Verlustzug:     	---       	Schwarz=3     Fehler:       	Weiß=2     	Schwarz=4     Ungenau:       	---       	Schwarz=1     OK:         	Weiß=12    	Schwarz=17    Bester:       	Weiß=7     	Schwarz=2     Stark:        	---       	Schwarz=2} 1-0

[Event "30 min / Partie"]
[Site "?"]
[Date "2026.01.07"]
[Round "26"]
[White "Phoenix London 1400 Mhz, Mephisto"]
[Black "King Element 300 mhz, Millenium"]
[Result "1-0"]
[Annotator "mpill"]
[WhiteElo "2500"]
[BlackElo "2599"]
[WhiteFideId "-1"]
[BlackFideId "-1"]
[PlyCount "101"]
[GameId "2263730758930844"]

{[%evp 17,100,-14,0,-13,0,0,6,13,13,11,9,9,47,50,104,102,99,28,28,32,101,105,110,101,154,155,162,96,278,257,349,220,420,279,413,384,578,569,585,583,594,592,582,581,570,557,695,679,764,772,758,771,767,768,757,741,1076,1067,999,946,893,859,1071,1091,29989,29990,29990,29991,29991,29992,29992,29993,29993,29994,29994,29995,29995,29996,29996,29997,29997,29998,29998,29999,29999]} 1. c4 e5 {[%cal Be7e5,Be5e4][%mdl 32]} 2. Nc3 Nc6 3. Nf3 f5 4. d4 e4 5. d5 exf3 6. dxc6 fxg2 7. cxd7+ Qxd7 8. Qxd7+ Bxd7 {Buchende} 9. Bxg2 O-O-O 10. Bf4 {Buchende} Be6 11. Nb5 {[%cal Bc3b5,Bb5a7,Ba7b5][%mdl 32]} (11. O-O {vereinfacht} Bd6 12. Bxd6 Rxd6 13. b3) 11... Bb4+ 12. Kf1 {Die Stellung ist ausgeglichen.} Rd7 {[#] ...a6 soll folgen} 13. Nxa7+ Kb8 {Schwarz hat einen Bauern geopfert} 14. Nb5 Nf6 (14... Ne7 $1 $11) 15. b3 $36 {[%mdl 2048] Weiss hat gut koordiniertes Spiel.} Rhd8 (15... Ne4 $14) 16. Bf3 $16 Ne4 {[#]} 17. Kg2 (17. h4 $1 $16) 17... g5 $11 18. Be5 g4 (18... h5 $14) 19. Bxe4 $16 fxe4 20. a4 {[%cal Ba2a4,Ba4a5][%mdl 32]} Rf7 (20... Bc5 $142) 21. Rhd1 {[%cal Bh1d1,Bd1d5,Bd5c5][%mdl 32]} Rdf8 22. Bg3 ({Besser ist} 22. a5 $18) 22... Re8 $2 {Danach kann Schwarz die Partie nicht mehr halten.} (22... e3 $16) 23. a5 $18 Bc8 24. e3 {[%cal Oc4c5]} h6 $2 (24... h5 25. Kg1 Rg7) 25. Ra2 {[%cal Oc4c5,Ba1a2,Ba2d2,Bd2d8][%mdl 32] Droht stark c5!.} Bf8 (25... h5 $142 26. Kg1 Rh7) 26. Rd5 Bg7 (26... Rh7 {war angesagt.} 27. Kg1 h5) 27. Rc5 Ree7 28. Rd2 h5 {[%cal Bh6h5,Bh5h4,Bh4h3][%mdl 32]} 29. Rd8 h4 30. Bf4 h3+ 31. Kg3 Rd7 32. Rxd7 Bxd7 33. Rxc7 Bh6 34. Bd6 Rf3+ 35. Kh4 Bxb5 36. cxb5 {[%mdl 4096] Endspiel Droht Matt per Tc6+. KTL-KTL. Weiß hat zwei Bauern mehr.} Rf6 37. Rc6+ Rxd6 38. Rxd6 {KT-KL} Bg7 39. Kxg4 Ka7 40. Rd7 Bc3 41. a6 {Weiß setzt Matt.} Ka8 42. Rxb7 Ba5 43. b6 Bxb6 44. Rxb6 {KT-KBB} Ka7 45. Rc6 Kb8 46. b4 {[%cal Bb3b4,Bb4b5,Bb5b6][%mdl 32]} Ka8 47. b5 Ka7 48. Kf4 Ka8 49. Rc7 Kb8 50. b6 Ka8 51. Rc8# {Gewichteter Fehlerwert: Weiß=0.16 (sehr präzise) /Schwarz=0.71  Verlustzug:     	---       	Schwarz=1     Fehler:       	Weiß=2     	Schwarz=7     Ungenau:       	Weiß=2     	Schwarz=1     OK:         	Weiß=14    	Schwarz=3     Bester:       	Weiß=3     	Schwarz=2} 1-0

[Event "30 min / Partie"]
[Site "?"]
[Date "2026.01.08"]
[Round "27"]
[White "King Element 300 mhz, Millenium"]
[Black "Phoenix London 1400 Mhz, Mephisto"]
[Result "1-0"]
[Annotator "mpill"]
[WhiteElo "2599"]
[BlackElo "2500"]
[WhiteFideId "-1"]
[BlackFideId "-1"]
[PlyCount "157"]
[GameId "2263960447103013"]

{[%evp 12,156,40,39,57,59,58,38,46,23,21,20,21,23,23,26,37,34,75,63,66,-10,74,69,91,91,178,179,250,218,290,284,333,312,385,371,386,384,373,368,377,365,371,340,343,342,395,382,384,358,417,352,451,444,449,439,455,454,460,458,453,446,438,431,527,426,510,509,508,497,497,483,484,476,472,445,517,511,497,498,552,498,582,555,576,573,573,558,540,501,584,566,574,574,584,550,623,604,1264,19968,1460,1139,19979,19980,19987,19988,19989,19990,19997,19992,19993,19991,19995,19994,29986,29987,29987,29988,29988,29989,29989,29989,29989,29988,29988,29989,29989,29990,29990,29991,29991,29992,29992,29993,29993,29994,29994,29995,29995,29996,29996,29997,29997,29998,29998,29999,29999]} 1. Nf3 e6 2. g3 Nf6 3. c4 d5 4. Bg2 Be7 5. O-O O-O {Buchende} 6. b3 {Buchende} Nc6 7. d4 Ne4 8. Bb2 b6 9. Nbd2 Bb7 {Weiß steht etwas besser.} 10. Nxe4 dxe4 11. Ne1 f5 12. f3 Bg5 13. Nc2 {Lässt Le3+ nicht zu} exf3 14. exf3 f4 (14... Bf6 $14 {ist eher angebracht.}) 15. Re1 {Weiß spielt im Zentrum} Qf6 16. Rb1 (16. h4 $14 Bh6 17. g4 Qxh4 18. Rxe6) 16... Qf5 (16... Qg6 $11 {hält das Gleichgewicht.}) 17. d5 $16 {Damit ist Schwarz auf der Verliererstraße.} exd5 18. Qxd5+ Qxd5 (18... Kh8 $16) 19. cxd5 $18 Na5 {[#]} (19... Nd8 {war nötig.} 20. Ba3 Rf5) 20. Nd4 $1 {Se6 soll folgen} fxg3 21. hxg3 ({Nicht} 21. Ne6 gxh2+ 22. Kh1 (22. Kxh2 Bd2 $16) 22... Rf5 $16) 21... Bf6 22. f4 Rac8 23. Ne6 Rf7 {[%cal Bf8f7,Bf7d7,Bd7d6][%mdl 32]} 24. Bxf6 gxf6 25. Rbc1 {Schwarz ist schwach auf den weissen Feldern} c5 26. Rcd1 Rd7 27. Be4 Re8 28. Bf3 Ree7 29. f5 Rd6 30. Kf2 Rf7 31. Nf4 Rd8 32. g4 Bc8 33. Nh5 Rd6 34. Re8+ Rf8 35. Re7 Rf7 36. Rde1 Bd7 {Lässt Te8+ nicht zu} 37. Ng3 h6 38. R7e2 Bc8 39. Re8+ Rf8 40. R1e7 Bd7 41. Rxf8+ {[%mdl 64] Ablenkung} Kxf8 42. Rh7 Bb5 43. Rxh6 Ke7 44. Rh7+ Kd8 45. Rxa7 Bd3 46. Nh5 Bb1 {[#]} 47. g5 $1 fxg5 (47... Bxf5 48. Nxf6) 48. f6 {jetzt f7 und aus.} Bg6 49. f7 Bxf7 50. Rxf7 Rd7 51. Rf6 Kc7 52. Rg6 Rd6 53. Rxg5 c4 {[%cal Bc5c4,Bc4b3][%mdl 32]} 54. Ng7 cxb3 55. Ne8+ Kd7 56. Nxd6 bxa2 {[#]} 57. Rg1 $1 Kxd6 (57... Nb3 58. Nb7) 58. Ra1 Nc4 59. Rxa2 Kc5 60. Ra7 Ne5 61. Rb7 b5 62. Kg3 Nxf3 63. Kxf3 {Weiß setzt Matt.} Kxd5 64. Rxb5+ {KT-K} Kc4 65. Rf5 Kd4 66. Kf4 Kd3 67. Ke5 Ke3 68. Rf4 Kd3 69. Rg4 Ke3 70. Rd4 Kf3 71. Re4 Kg3 72. Rf4 Kg2 73. Ke4 Kg3 74. Ke3 Kg2 75. Rg4+ Kh3 76. Kf3 Kh2 77. Rh4+ Kg1 78. Rh5 Kf1 79. Rh1# {Gewichteter Fehlerwert: Weiß=0.11 (sehr präzise) /Schwarz=0.41  Fehler:       	Weiß=1     	Schwarz=4     Ungenau:       	---       	Schwarz=2     OK:         	Weiß=28    	Schwarz=17    Bester:       	Weiß=2     	Schwarz=1     Stark:        	Weiß=1     	---} 1-0

[Event "30 min / Partie"]
[Site "?"]
[Date "2026.01.08"]
[Round "28"]
[White "Phoenix London 1400 Mhz, Mephisto"]
[Black "King Element 300 mhz, Millenium"]
[Result "1/2-1/2"]
[Annotator "mpill"]
[WhiteElo "2500"]
[BlackElo "2599"]
[WhiteFideId "-1"]
[BlackFideId "-1"]
[PlyCount "132"]
[GameId "2263974319923410"]

{[%evp 19,132,73,84,14,10,2,6,0,0,0,-1,-2,-11,-66,-63,-65,-78,-107,-104,-93,-61,-73,0,-98,-102,-101,-101,-103,-108,-100,-99,-134,-86,-85,-74,-149,-2,0,0,0,0,-10,0,0,0,0,0,0,0,0,0,0,0,0,0,0,0,0,0,0,0,0,0,0,403,0,10,0,0,0,0,0,0,0,0,0,0,0,0,0,0,0,0,0,0,0,0,0,0,0,0,0,0,0,0,0,0,0,0,0,0,0,0,0,0,0,0,0,0,0,0,0,0,0,0]} 1. e4 c5 2. Nf3 Nc6 3. d4 cxd4 4. Nxd4 e5 5. Nb5 a6 6. Nd6+ Bxd6 7. Qxd6 Qf6 8. Qd1 Qg6 9. Nc3 {Buchende} Nge7 {Buchende} 10. h4 h5 {[%cal Od7d5]} 11. Be3 (11. Bg5 $16) 11... d5 $1 $11 12. Nxd5 (12. exd5 $5 Nb4 $8 13. Bd3 $11) 12... Nxd5 {Schwarz hat einen Bauern geopfert} 13. exd5 Nb4 14. Rc1 Nxa2 15. Ra1 Nb4 16. Rc1 (16. Bb5+ $11 Bd7 17. Bxd7+ Kxd7 18. O-O Nxc2 19. Rc1) 16... Bf5 $15 17. c4 Nc2+ 18. Kd2 Nxe3 19. fxe3 O-O {[%cal Ob7b5]} 20. Be2 $1 Qxg2 (20... b5 $17 21. Rf1 bxc4 22. Rxc4 Be4) 21. Qf1 (21. Rg1 $11 Qe4 22. Qf1) 21... Qg6 $1 $36 {[%mdl 2048] Läuft bei Schwarz.} 22. Rg1 Bg4 23. Bxg4 hxg4 24. Qd3 {[#]} f5 $1 25. d6 Qe6 (25... Rad8 $142 26. c5 e4 27. Qc4+ Kh7) 26. c5 Rad8 {[%cal Ob7b6]} 27. Rgd1 ({Vorzuziehen ist} 27. Qc4 Qxc4 28. Rxc4) 27... f4 (27... Kh8 $17 {...f4 ist eine echte Drohung.} 28. Qc4 Qh6) 28. Qc4 $1 $11 Qxc4 29. Rxc4 {[%mdl 4096] Endspiel KTT-KTT. Schwarz hat einen Mehrbauern.} g3 30. Ke1 g2 31. Kf2 fxe3+ 32. Kxg2 Rf2+ 33. Kg3 Rdf8 34. Re4 {[%csl LRe3,LRe5]} (34. d7 Rd2 35. Re1 Rxd7 36. Rxe3 Re8 $15) 34... R2f3+ 35. Kg4 {[%cal Od6d7]} R8f4+ (35... e2 $5 36. Re1 $8 (36. Rxe2 R8f4+ 37. Kh5 Rg3 38. Rxe5 g6+ {[%mdl 64] Ablenkung} 39. Kh6 Rxh4+) 36... R3f4+ 37. Rxf4 Rxf4+ 38. Kg5 Rf2 $14) 36. Rxf4 Rxf4+ {KT-KT. Schwarz hat einen Mehrbauern.} 37. Kg3 e2 38. Re1 (38. Ra1 {hält die Spannung aufrecht.} Rf1 39. d7 Rd1 40. Kf3) 38... Kf7 (38... Rc4 39. b4 Re4 40. Kf3 Rxh4 41. Rxe2 (41. Kxe2 Kf7 $11) 41... Rf4+ 42. Ke3) 39. Rxe2 Ke6 40. Rd2 Kd7 41. h5 Rb4 $2 {[%mdl 8192] [#]} (41... Rc4 $11) 42. Kf3 $2 (42. Rf2 $1 $18) 42... Rc4 {Die Stellung ist ausgeglichen.} 43. Rg2 Rxc5 44. Rxg7+ Kxd6 45. h6 Rc2 46. Kg3 Rc1 $1 47. Rxb7 Kd5 48. Rb6 e4 49. Rxa6 Rh1 50. Kg2 Rh4 51. b4 (51. Kg3 $5 Rh1 $8 52. Kg4 $11) 51... e3 52. Kf3 Rh3+ 53. Ke2 {Und Kd3 würde nun gewinnen.} Kd4 54. Rd6+ Kc4 55. Rb6 Kd4 56. Re6 Rh2+ 57. Kf3 Kd5 58. Rxe3 Rxh6 59. Re7 Rh3+ 60. Ke2 Rb3 61. Rb7 Kc4 62. Rc7+ Kxb4 63. Rb7+ Ka3 64. Ra7+ Kb4 65. Ra8 Kc4 66. Ra4+ Kd5 {Gewichteter Fehlerwert: Weiß=0.23 (präzise) /Schwarz=0.18 (sehr präzise)   Verlustzug:     	---       	Schwarz=1     Gewinn verpasst:   	Weiß=1     	---        Fehler:       	Weiß=3     	Schwarz=3     Ungenau:       	Weiß=2     	Schwarz=1     OK:         	Weiß=22    	Schwarz=27    Bester:       	Weiß=2     	Schwarz=5     Stark:        	Weiß=2     	Schwarz=4} 1/2-1/2